00981cam a22002775a 45000010009000000050017000090080041000260200029000670200026000960400028001220820020001501000035001702450063002052500012002682600062002803000032003425000024003745040031003986500031004296510010004606530031004706550024005019420020005259990017005459520141005621818087920150726121744.0140607s2014 enka frb 001 0 eng d a9780123970213 (hardback) a0123970210 (hardback) aDLCbengcDLCdEG-ScBUE04a621.47bBRO2221 aBrownson, Jeffrey R. S.93824610aSolar energy conversion systems /cJeffrey R. S. Brownson. a1st ed. aOxford ;aWaltham : bAcademic Press / Elsevier , c2014. ax, 457 p. :bill. ;c24 cm. aIndex : p. 449-457. aBibliography : p. 441-447. 7aSolar energy.2BUEsh95597 2BUEsh bENGGENcJune2015cJuly2015 vreading book934232 2ddck621.47 BRO c20013d19985 00102ddc40708AlahramaMAINbMAINc1STd2015-06-28epurchaseg816.00h304l0o621.47 BROp000038839r2025-07-15 00:00:00v1020.00yBB